000 00301nam a22001337a 4500
008 181016b xxu||||| |||| 00| 0 eng d
020 _a9780071825054
041 _aeng
080 _a615
100 _a5
101 _aFAR
245 _aBasic Clinical Pharmacology
_cTrevor.AJ
942 _2udc
_cBK
999 _c49853
_d49853